[Event "Berlin-ch Seniors op 35th"]
[Site "Berlin"]
[Date "2019.01.31"]
[Round "3"]
[White "Ahlberg, Mario"]
[Black "Fiedler, Wolfgang2222"]
[Result "0-1"]
[WhiteElo "2038"]
[BlackElo "1878"]
[PlyCount "140"]
[EventDate "2019.01.29"]
[EventType "swiss"]
[EventRounds "9"]
[EventCountry "GER"]
[SourceTitle "CBM 189 Extra"]
[Source "ChessBase"]
[SourceDate "2019.06.03"]
[SourceVersion "1"]
[SourceVersionDate "2019.06.03"]
[SourceQuality "1"]

1. e4 Nf6 2. e5 Nd5 3. Nc3 Nxc3 4. dxc3 d5 5. c4 d4 6. Bd3 c5 7. f4 Bd7 8. Nf3 e6 9. 0-0 h6 10. Nd2 Nc6 11. a3 Qc7 12. Ne4 0-0-0 13. b4 cxb4 14. c5 Kb8 15. Bd2 bxa3 16. Rxa3 Bc8 17. Qa1 Rd5 18. Bc4 Rxc5 19. Nxc5 Bxc5 20. Rd3 Bb6 21. Bb3 Qe7 22. Rg3 g6 23. Kh1 h5 24. h3 Bd7 25. Bc1 Bc5 26. Bb2 Rd8 27. Rd1 Qh4 28. Rf3 g5 29. Bxd4 Nxd4 30. Rxd4 g4 31. Rfd3 Bxd4 32. Qxd4 Qe1+ 33. Kh2 Rg8 34. Rg3 Bc8 35. Qe3 Qb4 36. Qd3 Qxf4 37. Qh7 h4 38. Qxh4 Qxe5 39. Qh7 Rf8 40. Qh6 Rh8 41. Qe3 Qc7 42. Kg1 f5 43. Qc3 Qb6+ 44. Kh2 Rh7 45. Qe5+ Qc7 46. Re3 f4 47. Qxc7+ Kxc7 48. Re4 e5 49. Rxe5 gxh3 50. Rc5+ Kd8 51. Rc4 Rh4 52. gxh3 Bxh3 53. Kg1 Bd7 54. Rd4 Kc7 55. Bd5 Bc6 56. Kf2 Bxd5 57. Rxd5 Rh2+ 58. Kf3 Rxc2 59. Kxf4 Re2 60. Kf3 Re6 61. Kf4 Kc6 62. Rd8 a5 63. Ra8 Kb5 64. Kf5 Ra6 65. Rb8 b6 66. Ke4 a4 67. Rh8 a3 68. Rh1 a2 69. Ra1 Kb4 70. Kd3 Kb3 0-1

[Event "Berlin Lieb Memorial 4th"]
[Site "Berlin"]
[Date "2018.06.21"]
[Round "5"]
[White "Ahlberg, Mario"]
[Black "Brustkern, Juergen"]
[Result "0-1"]
[WhiteElo "2033"]
[BlackElo "2239"]
[PlyCount "74"]
[EventDate "2018.05.17"]
[EventType "swiss"]
[EventRounds "7"]
[EventCountry "GER"]
[SourceTitle "CBM 189 Extra"]
[Source "ChessBase"]
[SourceDate "2019.06.03"]
[SourceVersion "1"]
[SourceVersionDate "2019.06.03"]
[SourceQuality "1"]

1. e4 c5 2. Nf3 Nc6 3. Bb5 d6 4. c3 a6 5. Ba4 b5 6. Bc2 e5 7. 0-0 g5 8. a4 Rb8 9. Na3 Bg7 10. Qe2 g4 11. Ne1 Qb6 12. d3 Nge7 13. axb5 axb5 14. f4 gxf3 15. Qxf3 Be6 16. Be3 h5 17. b4 Bh6 18. Bf2 Bf4 19. bxc5 dxc5 20. Rb1 Bg4 21. Nc4 Qc7 22. Bxc5 Bxf3 23. Bd6 Qa7+ 24. d4 Be2 25. Bxb8 Nxb8 26. Nd6+ Kd7 27. Nxb5 Qa2 28. Nd3 Bxf1 29. Nc5+ Kc6 30. Na7+ Qxa7 31. Kxf1 Nc8 32. g3 Be3 33. Nd3 exd4 34. Nb4+ Kd6 35. c4 Ne7 36. Nd3 Nd7 37. e5+ Kc7 0-1

[Event "Berlin-ch Seniors op 34th"]
[Site "Berlin"]
[Date "2018.02.08"]
[Round "9"]
[White "Steiger, Michael"]
[Black "Ahlberg, Mario"]
[Result "1/2-1/2"]
[WhiteElo "1977"]
[BlackElo "2032"]
[PlyCount "60"]
[EventDate "2018.01.30"]
[EventType "swiss"]
[EventRounds "9"]
[EventCountry "GER"]
[SourceTitle "EXT 2020"]
[Source "ChessBase"]
[SourceDate "2019.10.17"]
[SourceVersion "1"]
[SourceVersionDate "2019.10.17"]
[SourceQuality "1"]

1. Nf3 d5 2. d4 c6 3. c4 Nf6 4. Qc2 dxc4 5. Qxc4 Bf5 6. g3 e6 7. Bg2 Be7 8. 0-0 Ne4 9. e3 Nd7 10. Rd1 0-0 11. Qe2 Bg4 12. h3 Bh5 13. g4 Bg6 14. Ne1 Bh4 15. Nd3 f5 16. f4 fxg4 17. hxg4 h5 18. Nc3 Ng3 19. Qf3 hxg4 20. Qxg4 Bf5 21. Qf3 Nf6 22. Ne5 g5 23. fxg5 Nfe4 24. Nxe4 Bxe4 25. Qg4 Bxg2 26. Qxe6+ Kg7 27. Qh6+ Kg8 28. Qg6+ Kh8 29. Kxg2 Qd5+ 30. e4 Nxe4 1/2-1/2

[Event "Berlin-ch Seniors op 34th"]
[Site "Berlin"]
[Date "2018.02.06"]
[Round "7"]
[White "Ahlberg, Mario"]
[Black "Hahlbohm, Matthias"]
[Result "0-1"]
[WhiteElo "2032"]
[BlackElo "2057"]
[PlyCount "67"]
[EventDate "2018.01.30"]
[EventType "swiss"]
[EventRounds "9"]
[EventCountry "GER"]
[SourceTitle "EXT 2020"]
[Source "ChessBase"]
[SourceDate "2019.10.17"]
[SourceVersion "1"]
[SourceVersionDate "2019.10.17"]
[SourceQuality "1"]

1. e4 c5 2. Nf3 d6 3. Bb5+ Nc6 4. c3 a6 5. Ba4 b5 6. Bc2 e5 7. 0-0 Nf6 8. Qe2 Be7 9. Rd1 Bg4 10. d3 0-0 11. Nbd2 h6 12. Nf1 Qc7 13. Ne3 Be6 14. d4 cxd4 15. cxd4 exd4 16. Nxd4 Nxd4 17. Rxd4 Rac8 18. Bd2 Rfe8 19. a4 Qc5 20. Bc3 Bd7 21. Qd3 Qg5 22. Nd5 Bc6 23. Bd2 Qg6 24. Nf4 Qh7 25. f3 d5 26. Bb4 Bxb4 27. Rxb4 dxe4 28. Qf1 Qf5 29. axb5 axb5 30. Rxe4 Bxe4 31. fxe4 Qc5+ 32. Kh1 Qxc2 33. Nd3 Nxe4 34. Ra7 0-1

[Event "Berlin-ch Seniors op 34th"]
[Site "Berlin"]
[Date "2018.02.03"]
[Round "5"]
[White "Metzger, Albert"]
[Black "Ahlberg, Mario"]
[Result "0-1"]
[WhiteElo "1844"]
[BlackElo "2032"]
[PlyCount "100"]
[EventDate "2018.01.30"]
[EventType "swiss"]
[EventRounds "9"]
[EventCountry "GER"]
[SourceTitle "EXT 2020"]
[Source "ChessBase"]
[SourceDate "2019.10.17"]
[SourceVersion "1"]
[SourceVersionDate "2019.10.17"]
[SourceQuality "1"]

1. Nf3 d5 2. d4 c6 3. g3 Bg4 4. Bg2 Nd7 5. Nbd2 Ngf6 6. h3 Bh5 7. c3 Qc7 8. 0-0 e6 9. Re1 Bd6 10. e4 dxe4 11. Nxe4 Nxe4 12. Rxe4 Nf6 13. Re1 h6 14. Qb3 Bxf3 15. Bxf3 Bxg3 16. d5 cxd5 17. Bxd5 Bxf2+ 18. Kxf2 Qc5+ 19. Be3 Qxd5 20. Qa4+ Kf8 21. Qb4+ Kg8 22. Rad1 Qf5+ 23. Kg2 Nd5 24. Qb3 Kh7 25. c4 Nxe3+ 26. Rxe3 Rhd8 27. Rf3 Qe4 28. Rdf1 Rd2+ 29. Kh1 Rad8 30. Qe3 Qxe3 31. Rxe3 Kg8 32. Rb3 R8d7 33. a4 R2d3 34. Rxd3 Rxd3 35. b4 Kf8 36. Kg2 Ke7 37. Rb1 Kd7 38. c5 a6 39. h4 e5 40. Rf1 f6 41. Rb1 Rd4 42. Kg3 f5 43. h5 Ke6 44. Kf3 Kf6 45. a5 Rc4 46. Rb2 Rc3+ 47. Kf2 Kg5 48. b5 Rxc5 49. bxa6 bxa6 50. Rb7 Rxa5 0-1

[Event "Berlin-ch Seniors op 34th"]
[Site "Berlin"]
[Date "2018.01.30"]
[Round "1"]
[White "Kujawa, Werner"]
[Black "Ahlberg, Mario"]
[Result "0-1"]
[WhiteElo "1742"]
[BlackElo "2032"]
[PlyCount "48"]
[EventDate "2018.01.30"]
[EventType "swiss"]
[EventRounds "9"]
[EventCountry "GER"]
[SourceTitle "EXT 2020"]
[Source "ChessBase"]
[SourceDate "2019.10.17"]
[SourceVersion "1"]
[SourceVersionDate "2019.10.17"]
[SourceQuality "1"]

1. Nf3 d5 2. c4 c6 3. e3 Bg4 4. d4 e6 5. Nc3 Nf6 6. cxd5 exd5 7. Be2 Bd6 8. h3 Bh5 9. 0-0 0-0 10. b3 Nbd7 11. Bb2 Qe7 12. Rc1 h6 13. Ne1 Bg6 14. Bd3 Ne4 15. Nc2 f5 16. Bxe4 fxe4 17. Qe2 Kh7 18. f4 exf3 19. gxf3 Qh4 20. Qg2 Bf5 21. Ne2 Bxh3 22. Qh1 Rf6 23. Nf4 Bxf4 24. exf4 Rg6+ 0-1

[Event "Berlin-ch QT"]
[Site "Berlin"]
[Date "2017.04.11"]
[Round "3"]
[White "Ahlberg, Mario"]
[Black "Bader, Arnd"]
[Result "0-1"]
[WhiteElo "2017"]
[BlackElo "1897"]
[PlyCount "181"]
[EventDate "2017.04.09"]
[EventType "swiss"]
[EventRounds "9"]
[EventCountry "GER"]
[SourceTitle "CBM 189 Extra"]
[Source "ChessBase"]
[SourceDate "2019.06.03"]
[SourceVersion "1"]
[SourceVersionDate "2019.06.03"]
[SourceQuality "1"]

1. e4 d6 2. d4 Nf6 3. Nc3 Nbd7 4. Bg5 e5 5. Bc4 Be7 6. Nf3 c6 7. Bb3 Qc7 8. 0-0 h6 9. Bh4 Nf8 10. h3 g5 11. Bg3 Ng6 12. Nh2 h5 13. f3 Rg8 14. a4 a5 15. Qd2 Nf4 16. h4 Nh3+ 17. Kh1 gxh4 18. Bxh4 Nf4 19. g3 Ne6 20. Ne2 Bd7 21. c3 0-0-0 22. Bc2 d5 23. dxe5 Qxe5 24. f4 Nxe4 25. fxe5 Nxd2 26. Bxe7 Nxf1 27. Bxd8 Nxg3+ 28. Nxg3 Rxg3 29. Bb6 Nf4 30. Rf1 Ne2 31. Rxf7 Bh3 32. Bf5+ Bxf5 33. Rxf5 Rg7 34. Nf1 Kd7 35. Kh2 Ke6 36. Rxh5 Rf7 37. Ng3 Nf4 38. Rg5 Rh7+ 39. Nh5 Rxh5+ 40. Rxh5 Nxh5 41. Bxa5 Kxe5 42. Bc7+ Ke4 43. b4 Nf4 44. b5 cxb5 45. axb5 Ne2 46. Kg2 Nxc3 47. b6 Ke3 48. Kg3 Na4 49. Kg4 Ke4 50. Kg3 Kd4 51. Kf4 Kc5 52. Ke3 Nxb6 53. Kd3 Nc4 54. Bb8 Nd6 55. Bc7 Nf5 56. Bh2 b5 57. Bg1+ Kb4 58. Bf2 Ka4 59. Bc5 b4 60. Kc2 b3+ 61. Kd3 Ng3 62. Be7 Ne4 63. Bf8 Kb5 64. Ba3 Nc5+ 65. Kd4 Kc6 66. Kc3 Kd6 67. Kd4 Kc6 68. Kc3 Kb5 69. Kd4 Ka4 70. Bb2 Kb4 71. Kxd5 Na4 72. Bc1 Kc3 73. Bg5 Kc2 74. Bf6 Nc3+ 75. Kc4 b2 76. Bxc3 b1Q 77. Bd4 Qb3+ 78. Kc5 Kd3 79. Be5 Qc4+ 80. Kd6 Ke4 81. Bf6 Kf5 82. Bd8 Qd4+ 83. Ke7 Qd5 84. Bc7 Qe6+ 85. Kd8 Kf6 86. Bb8 Qe7+ 87. Kc8 Ke6 88. Bc7 Qd7+ 89. Kb7 Kd5 90. Kb8 Kc6 91. Ka8 0-1